| 000 | 00602nam a2200205Ii 4500 | ||
|---|---|---|---|
| 001 | 4586 | ||
| 003 | CO-ViMGA | ||
| 008 | 241108s9999||||xx |||||||||||||| ||und|| | ||
| 040 |
_aCO-ViMGA _bspa _erda _cCO-ViMGA |
||
| 041 | 0 | _aspa | |
| 082 | 0 | 4 | _a614.772 M665 |
| 110 | 1 |
_aMinisterio de Salud, _918331 |
|
| 245 | 1 | 0 | _aDisposiciones sanitarias sobre aguas |
| 264 | 1 | _aBogotá, Colombia : Ministerio de Salud, 1984 | |
| 300 | _avolumen | ||
| 336 |
_atext _btxt _2rdacontent |
||
| 337 |
_aunmediated _bn _2rdamedia |
||
| 338 |
_avolume _bnc _2rdacarrier |
||
| 940 | _aidficha_siabuc: 4472. -- ficha_no_siabuc:4586 | ||
| 999 |
_c47845 _d47845 |
||